| 000 | 00721nam a2200217 i 4500 | ||
|---|---|---|---|
| 001 | 125071 | ||
| 003 | ES-MaACL | ||
| 005 | 20240526062940.0 | ||
| 007 | t| | ||
| 008 | 070503s1936 sp ||||1| spa d | ||
| 080 | _a86-221"19" | ||
| 100 | 1 |
_aGutiérrez Navas, Manuel, _d1890-1971 _961196 |
|
| 245 | 1 | 0 |
_aMe sacrificaré _b: comedia en tres actos / _cGutiérrez Navas ; dibujos de Gutiérrez Navas. |
| 260 |
_aMadrid : _bRivadeneyra, _c1936. |
||
| 300 |
_a94 p. ; _c17 cm. |
||
| 490 | 1 |
_aLa Farsa ; _v453 |
|
| 500 | _aEstrenada en el Teatro Cervantes de Madrid el día 27 de marzo de 1936. | ||
| 830 | 0 |
_aLa Farsa ; _v453 _9185863 |
|
| 852 |
_aES-MaACL _j2223-F-17 _bR.140750 |
||
| 999 |
_c125071 _d125071 |
||